000 00451nam a2200181Ia 4500
001 20566
005 20260306172815.0
008 260306t2008||||xx |||||||||||||| ||spa||
041 _aESP
082 _a343.4
_bK81
100 _aKresalja Rosselló, Baldo
_eAUT
245 0 _aDerecho al bienestar y ética para el desarrollo
260 _c2008
300 _a189 páginas :
_c20 cm.
650 _aGEN
654 _aCDE
942 _cLIB
_dJUS
_fJUS
_2ddc
_n
999 _c20566
_d20566